000 00575nam a2200193 a 4500
005 20230325063514.0
008 991125s1979 es 000 0 spa u
020 _a8425410657
035 _aUPN01000026496
049 _aCG
050 4 _aBF82
_bG728
245 0 4 _aLas grandes psicologías modernas /
_cJ. Chateau ... [et. al.] ; tr. Joan Llopis.
260 _aBarcelona, Esp. :
_bHerder,
_c1979.
300 _a348 p.
440 0 _aBiblioteca de psicología ;
_v62
650 7 _aPsicología
_xHistoria
_2
_913286
700 1 _aChateau, Jean,
_ecoaut.
_933827
905 _aLibro
999 _c26496
_d26496